Dopasuj rapera do piosenki - Statystyki

Ogólne statystyki
  • Ten quiz został rozwiązany 834 razy
  • Średni wynik to 45 z 100
Statystyki odpowiedzi
Hint Odpowiedź % Poprawnych
Jagodzianki Malik Montana
94%
Tamagotchi TACONAFIDE
92%
05:05 Bedoes
90%
Half Dead Quebonafide
90%
UA Reto
90%
Hinata Szpaku
89%
Delfin Bedoes
88%
chillwagon chillwagon
88%
Robię Yeah Malik Montana
88%
Eldorado Bedoes
85%
Płuca zlepione topami Guzior
84%
Szaman Paluch
84%
Wiking Sarius
84%
Bestia Young Igi
81%
WIFI Guzior
80%
6 Zer Taco Hemingway
76%
Nie, nie Otsochodzi
75%
Toy Story Bedoes
73%
Stukupuku chillwagon
72%
Ja YETI Szpaku
72%
Meow Beteo
71%
Wybory Jan-rapowanie
69%
MINIMINI Szpaku
69%
Bez Strachu Paluch
66%
Góra trupów chillwagon
65%
Rower chillwagon
65%
Wyje Wyje bane Tede
62%
Lavender Town Szpaku
61%
Bonnie & Clyde Blacha
59%
Masno fest Dycha
59%
Wow Bedoes
57%
Mr. Gino Kizo
57%
Alcatraz O.S.T.R.
56%
Moizdrajcy com Deys
55%
Cichociemni Kizo
55%
Dla Rodziny Malik Montana
55%
Cola PlanBe
55%
Piraci Kali
54%
Mój Kościół Paluch
54%
Balans Paluch
52%
Gady Bedoes
51%
rrcum Reto
50%
Wszystko Ok Jan-rapowanie
49%
Napad na bankiet Sokół
49%
ZTM Taco Hemingway
49%
Sos mula White 2115
49%
Perfekt Wac Toja
46%
Menago PlanBe
45%
Chudy Chłopak Kali
42%
Lego Young Igi
41%
Bez moich braci Blacha
40%
Euforia Otsochodzi
40%
Kurtki bomberki Zeamsone
39%
KGM Kali
38%
6.3 AMG Malik Montana
37%
Mów Otsochodzi
37%
Polskie Miami Joda
36%
Artysta z blizną Kizo
35%
Spłata Paluch
35%
Skrzydła Young Multi
35%
Opowieści z krypty Bonus RPK
34%
Zrobiłeś to chłopak KęKę
34%
Havana Blacha
33%
Lifestyle Kubi Producent
32%
Laleh Blacha
30%
Heavyweight Kizo
30%
Kushi kushi Reto
30%
Co ostatnie, a co pierwsze Borixon
28%
Przyjemniaczki Kizo
28%
6 rano Sobota
28%
INTERNET.WAV Żabson
28%
Knebel Reto
27%
Dziewczyna Szamana Kartky
26%
Jack & Cola Blacha
24%
Rozkosz Wojtek Gola
24%
Się skończył Kartky
23%
Milion Długu Białas
20%
Kalashnikov Blacha
19%
Wakacyjna przygoda Dycha
18%
Endorfina Filipek
18%
Pażałsta Tede
18%
Ferrari Blacha
15%
Ovbanger Reto
15%
KREA7ORZY Major SPZ
14%
Teraz i tu Malik Montana
14%
Wiraże Szopeen
14%
Idealista Filipek
13%
Buty do wódy Dwa Sławy
12%
Chanson de Geste Kaz Bałagane
11%
Dreszcz TKM
11%
Rutyna KęKę
10%
Ke6z Malik Montana
10%
Nie bądź zdziwiony Peja
10%
Lecę Major SPZ
9%
Salsa Kaen
7%
Puls Borixon
6%
GTA Kazior
6%
K.T.J. Sztoss
6%
Ona to wie Kuban
4%
Buty VBS
3%
Nie znaleziono quizów pasujących do podanych kryteriów
Rozkład punktacji
Procent ludzi z każdym wynikiem
Percentyl według liczby udzielonych odpowiedzi
Twoja historia wyników
Nie rozwiązałeś tego quizu